[Event "Biel-B"]
[Site "Biel"]
[Date "1990.??.??"]
[Round "7"]
[White "Costa, Jean Luc"]
[Black "Cramling, Pia"]
[Result "0-1"]
[WhiteElo "2405"]
[BlackElo "2505"]
[Annotator "Schussler,H"]
[PlyCount "114"]
[EventDate "1990.07.??"]
[EventType "tourn"]
[EventRounds "11"]
[EventCountry "SUI"]
[EventCategory "10"]
[SourceTitle "CBM 019"]
[Source "ChessBase"]
[SourceDate "1990.12.01"]
[SourceVersion "1"]
[SourceVersionDate "1990.12.01"]
[SourceQuality "1"]

1. d4 Nf6 2. Bg5 e6 3. c3 h6 4. Bh4 c5 5. e3 Be7 6. Nd2 b6 7. Ngf3 Bb7 8. Bd3
d6 {8. - cxd4 might be more exact, forcing White to reveal his intentions. In
the game Costa manages to take control in the centre and secure a small
advantage.} 9. Qe2 Nbd7 10. O-O Qc7 11. e4 g5 12. Bg3 Nh5 13. d5 e5 14. Ba6 Nf4
15. Qb5 O-O 16. Bxf4 exf4 17. h3 h5 18. Bxb7 Qxb7 19. Nc4 Rab8 20. Rad1 f6 21.
Qc6 Rfc8 22. Qxb7 Rxb7 23. a4 Ne5 24. Nfxe5 fxe5 25. f3 Rd7 26. Kf2 Bd8 27. Ra1
a6 28. Ke2 Kf8 29. Kd3 Rb8 30. Rfb1 Ke7 31. b4 b5 32. axb5 axb5 33. Na5 Bxa5
34. bxc5 $6 Bc7 35. c6 Rdd8 36. Ra7 Rdc8 37. Kc2 Kd8 38. h4 gxh4 39. Rh1 Ra8
40. Rxa8 Rxa8 41. Rxh4 Ra2+ 42. Kb3 Rxg2 43. Rxh5 Ba5 44. Rh7 Kc8 45. Rh8+ Kc7
46. c4 bxc4+ 47. Kxc4 Rb2 48. Rh7+ Kb8 49. Rh8+ Ka7 50. Rh7+ Ka6 51. Rd7 Rc2+
52. Kb3 Rc3+ 53. Ka4 Rxf3 54. c7 Rc3 55. Rxd6+ Bb6 56. Re6 Rxc7 57. Rxe5 Rf7
0-1

[Event "San Francisco"]
[Site "San Francisco"]
[Date "1991.??.??"]
[Round "7"]
[White "Rogers, Ian"]
[Black "Browne, Walter Shawn"]
[Result "1-0"]
[WhiteElo "2545"]
[BlackElo "2500"]
[Annotator "Schussler,H"]
[PlyCount "80"]
[EventDate "1991.03.??"]
[EventType "tourn"]
[EventRounds "11"]
[EventCountry "USA"]
[EventCategory "12"]
[SourceTitle "CBM 023"]
[Source "ChessBase"]
[SourceDate "1991.08.01"]
[SourceVersion "1"]
[SourceVersionDate "1991.08.01"]
[SourceQuality "1"]

1. d4 Nf6 2. Nf3 e6 3. c3 b6 4. Bg5 Bb7 5. e3 h6 {Why? This weakens Black?
kingside.} 6. Bh4 d5 7. Nbd2 Be7 8. Ne5 O-O {8. - Nfd7!?} 9. Bd3 Nbd7 10. f4
Nxe5 11. fxe5 Ne4 12. Bxe7 Qxe7 13. Bxe4 dxe4 14. O-O Qg5 15. Qe2 f6 16. exf6
Rxf6 17. Rxf6 gxf6 18. Rf1 $16 Kh8 19. Rf4 f5 20. Qb5 Qg7 21. Nc4 a6 22. Qb4
Bd5 23. Ne5 Bxa2 24. Rh4 Kh7 25. Rh3 c5 $6 26. Qxb6 cxd4 27. Qxd4 Qc7 28. Nd7
e5 29. Qd1 Bf7 30. Nf6+ Kg7 31. Nh5+ Kf8 (31... Bxh5 32. Qxh5 Qf7 33. Rg3+ $18)
32. Qf1 Rd8 33. Qxa6 Rd1+ 34. Kf2 Qd8 35. Qxh6+ Ke8 36. Ng7+ Kd7 37. Qa6 f4 38.
Nf5 Qb8 39. Qa4+ Ke6 40. Qxd1 Kxf5 1-0

[Event "Nordic zt"]
[Site "Ostersund"]
[Date "1992.??.??"]
[Round "8"]
[White "Larsen, Bent"]
[Black "Tisdall, Jonathan D"]
[Result "0-1"]
[WhiteElo "2565"]
[BlackElo "2435"]
[Annotator "Schussler,H"]
[PlyCount "118"]
[EventDate "1992.??.??"]
[EventType "swiss"]
[EventRounds "9"]
[EventCountry "NOR"]
[SourceTitle "CBM 031"]
[Source "ChessBase"]
[SourceDate "1992.12.01"]
[SourceVersion "1"]
[SourceVersionDate "1992.12.01"]
[SourceQuality "1"]

1. Nf3 {Tisdall} Nf6 2. d4 e6 3. g3 b5 4. Bg2 Bb7 5. O-O c5 6. c3 Na6 7. Bg5
Be7 8. Nbd2 O-O 9. e3 cxd4 10. exd4 Nc7 11. Re1 Ncd5 12. a4 bxa4 13. Rxa4 a5
$10 14. Ne5 d6 15. Nd3 Bc6 16. Ra3 Qc7 17. c4 $6 Nb4 18. Bxc6 Nxc6 19. Nf3 Nb4
$1 20. Nxb4 axb4 21. Rxa8 Rxa8 22. b3 h6 23. Bxf6 (23. Bd2 Qb7 $15) 23... Bxf6
24. Qd3 g6 25. h4 Ra5 $1 26. Nh2 (26. Qd2 Qb7 (26... Rf5 27. Re3 Qb7 28. d5 e5
{xRf5.} (28... exd5 $2 29. g4)) 27. d5 Kg7 (27... Bc3 {Tisdall} 28. Qxh6 Bxe1
29. Ng5 exd5 30. Qh7+ Kf8 31. Qh8+ Ke7 32. Qg8 $132) 28. dxe6 Qxf3 29. e7 Bxe7
30. Rxe7 Ra1+ 31. Re1 Rxe1+ 32. Qxe1 Qxb3 {(Tisdall) - +}) 26... h5 27. Nf1 $6
Qa7 28. Rd1 Ra2 29. Ne3 Rb2 30. d5 (30. Nc2 Qa5 $17) 30... e5 (30... exd5 {
Tisdall} 31. Qxd5 Be5 32. Rd3 {gives white some hope of counterplay with c5.})
31. Rb1 (31. Rd2 $2 e4 $19) 31... Ra2 $1 $17 32. Rd1 Bd8 $1 33. Rd2 Bb6 34.
Rxa2 Qxa2 35. Qc2 Qa1+ 36. Kg2 Kg7 $5 (36... Bxe3 37. fxe3 Qc3 {-/+ / - +}) 37.
Nf1 Qc3 38. Qa2 e4 39. Nd2 Qd4 40. Nf1 Qd3 41. Qb2+ Qc3 42. Qa2 Bc5 {42. -
Qf3+!} 43. Nh2 Kh7 44. Qb1 Kg7 45. Qa2 Qd3 46. Qb2+ Bd4 47. Qa2 Qd1 $1 48. Nf1
Qf3+ 49. Kg1 Bc5 $1 {Prevents the liberating Qd2 followed by Ne3. (Tisdall)}
50. Qb2+ Kh7 51. Qa2 f5 52. Qc2 f4 53. gxf4 Qg4+ $1 $19 54. Kh2 Qxf4+ 55. Kg2
Qf3+ 56. Kg1 Qg4+ 57. Kh2 Qxh4+ 58. Kg2 Qg5+ 59. Kh1 Qf4 0-1

[Event "Hoogovens-B"]
[Site "Wijk aan Zee"]
[Date "1991.01.??"]
[Round "9"]
[White "Barbero, Gerardo F"]
[Black "Martens, Martin"]
[Result "1-0"]
[WhiteElo "2495"]
[BlackElo "2315"]
[Annotator "Schussler,H"]
[PlyCount "79"]
[EventDate "1991.01.??"]
[EventType "tourn"]
[EventRounds "11"]
[EventCountry "NED"]
[EventCategory "9"]
[SourceTitle "CBM 022"]
[Source "ChessBase"]
[SourceDate "1991.06.01"]
[SourceVersion "1"]
[SourceVersionDate "1991.06.01"]
[SourceQuality "1"]

1. d4 Nf6 2. Nf3 e6 3. Bg5 c5 4. e3 b6 $2 {4. - cxd4 5.exd4 Be7 and only later
b6 is better.} 5. d5 $1 $16 {(Tigran Petrosjan)} h6 6. Bxf6 Qxf6 7. Nc3 a6 8.
a4 d6 9. g3 e5 10. Nd2 Nd7 11. h4 h5 12. Bh3 Be7 13. Nc4 Rb8 14. Ne4 Qh6 15.
Qf3 Rf8 16. Ng5 b5 17. axb5 axb5 18. Na5 Ra8 19. Ke2 b4 20. Nc6 Ba6+ 21. Rxa6
Rxa6 22. Bxd7+ Kxd7 23. Qf5+ Kc7 24. Nxe7 Qf6 25. Qxf6 gxf6 26. Ne4 Rfa8 27.
Nd2 Ra2 28. Rb1 b3 29. cxb3 e4 30. Nxe4 Re8 31. Nc3 Ra6 32. Nc6 Rb6 33. Kd3
Rxb3 34. Kc4 Rb7 35. b4 cxb4 36. Rxb4 Rxb4+ 37. Kxb4 Ra8 38. Nd4 Ra1 39. Nf5
Kd7 40. Ne4 {(1,18/1.31)} 1-0

[Event "Salamanca"]
[Site "Salamanca"]
[Date "1990.??.??"]
[Round "6"]
[White "Romero Holmes, Alfonso"]
[Black "Izeta Txabarri, Felix"]
[Result "1-0"]
[WhiteElo "2460"]
[BlackElo "2380"]
[Annotator "Schussler,H"]
[PlyCount "151"]
[EventDate "1990.02.??"]
[EventType "tourn"]
[EventRounds "9"]
[EventCountry "ESP"]
[EventCategory "9"]
[SourceTitle "CBM 018"]
[Source "ChessBase"]
[SourceDate "1990.10.01"]
[SourceVersion "1"]
[SourceVersionDate "1990.10.01"]
[SourceQuality "1"]

1. d4 Nf6 2. Nf3 e6 3. g3 b5 4. Qd3 $5 Ba6 (4... a6 5. e4 Bb7 6. Bg5 $6 Bxe4 $1
$17) 5. Bg2 d5 6. a3 c5 7. O-O b4 8. Qe3 Qb6 9. axb4 cxb4 10. Ne5 Nbd7 11. Nxd7
Kxd7 12. c3 Be7 13. Nd2 Rhc8 14. Nf3 Ke8 15. cxb4 Rc2 16. Bd2 Ne4 17. Rfc1 Rac8
18. Be1 Bxe2 19. Rxc2 Rxc2 20. Nd2 Nxd2 21. Qxe2 Bxb4 22. Bxd5 Rxb2 23. Bg2
Qxd4 24. Qb5+ Ke7 25. Qb7+ Qd7 26. Rxa7 Qxb7 27. Rxb7+ Kf6 28. Bxd2 Rxd2 29.
Rxb4 h5 30. Bf3 g6 31. Kg2 Rc2 32. Rb7 Rc4 33. Be2 Rd4 34. h4 Kg7 35. Kf3 Ra4
36. Bb5 Ra3+ 37. Kf4 Ra8 38. f3 Rc8 39. Ke4 Kf8 40. Ra7 Rc5 41. Rb7 Rc3 42. Kf4
Rc5 43. g4 hxg4 44. fxg4 Rd5 45. Bc6 Rc5 46. Be4 Kg7 47. Ra7 Rc1 48. Bd3 Rc5
49. g5 Kf8 50. Rb7 Rd5 51. Be4 Rc5 52. Ra7 Rb5 53. Ke3 Rb3+ 54. Kf4 Rb5 55. Rc7
Ra5 56. Bd3 Rd5 57. Be2 Rd4+ 58. Kg3 Rd5 59. Rb7 Rc5 60. Rb5 Rc2 61. Bf3 Rc3
62. Kf4 Rc4+ 63. Be4 Rc1 64. Ke5 Kg7 65. Rb4 Rd1 66. Bc6 Rd2 67. Rf4 Rd8 68.
Rf3 Rb8 69. Kd6 Rb6 70. Rf4 Ra6 71. Kc7 Ra7+ 72. Kd8 Kf8 73. Ra4 Re7 74. Be4
Re8+ 75. Kd7 Re7+ 76. Kd6 {76.- Re8 77.Ra8 +-} 1-0

[Event "World Cup"]
[Site "Reykjavik"]
[Date "1991.??.??"]
[Round "14"]
[White "Beliavsky, Alexander G"]
[Black "Chandler, Murray G"]
[Result "1-0"]
[WhiteElo "2655"]
[BlackElo "2605"]
[Annotator "Schussler,H"]
[PlyCount "65"]
[EventDate "1991.09.??"]
[EventType "tourn"]
[EventRounds "15"]
[EventCountry "ISL"]
[EventCategory "16"]
[SourceTitle "CBM 026"]
[Source "ChessBase"]
[SourceDate "1992.02.01"]
[SourceVersion "1"]
[SourceVersionDate "1992.02.01"]
[SourceQuality "1"]

1. d4 Nf6 2. Nf3 e6 3. g3 b5 {Nowaydays an accepted method. Black prepares Bb7
and gets a grip over c4.} 4. Qd3 $5 {Disturbing!} (4. Bg2 Bb7 5. O-O {White
now has two main plans: to attack with a4 or fight for control of e4 with
moves like Bg5, Re1 and Nbd2.} Be7 (5... c5 6. Bg5 {To prevent this move 
(which indirectly strengthens White`s control over e4) Black often plays an
early h7-h6.} Na6 {A typical move in this line. The N is active here and
doesn`t block the view for Bb7.} 7. Nbd2 Be7 8. c3 O-O 9. Ne5 Bxg2 10. Kxg2 Qc7
$10 {Andersson,U-Seirawan,Y, Reykjavik w-cup 1991 (CBM 26/game). Later in the
game White was slightly better, but agreed to a draw.}) 6. a4 b4 7. c4 bxc3 8.
bxc3 O-O $10 {Blatny,P-Schlosser,P, Brno 1991 (CBM 26/game 61). For an earlier
c7-c5 see Garcia Martinez,S-Pigusov,E Santa Clara 1991 (CBM 26/game 764).})
4... Ba6 (4... a6 $5 5. e4 {5.a4} Bb7 6. Nbd2 c5) 5. a3 $5 Be7 (5... c5 6. dxc5
Bxc5 7. b4 Be7 8. Bb2 $13) 6. b4 O-O 7. Bg2 d6 8. Nbd2 Nd5 9. h4 Nd7 10. Ng5
N7f6 11. e4 Nb6 $14 12. a4 c6 13. e5 $5 dxe5 14. Bxc6 Rc8 15. axb5 Rxc6 16.
Rxa6 Rc7 17. Nde4 Nxe4 18. Qxe4 Bxb4+ 19. Kf1 g6 20. dxe5 $14 Rc4 21. Qf3 Rxc2
22. Kg2 Rc3 23. Be3 Nc4 24. Ne4 $1 Nxe5 $2 25. Qf4 Qd5 26. Bd4 $1 Rc4 27. Rd1
f6 28. Rxa7 Nd7 29. Rxd7 $18 Qxd7 30. Nxf6+ Rxf6 31. Qxf6 Qd5+ 32. Kh2 Bf8 33.
b6 1-0

[Event "Mitropa Cup 15th"]
[Site "Bad Woerishofen"]
[Date "1993.??.??"]
[Round "?"]
[White "Huebner, Robert"]
[Black "Grosar, Aljosa"]
[Result "1-0"]
[WhiteElo "2620"]
[BlackElo "2480"]
[Annotator "Schussler,H"]
[PlyCount "91"]
[EventDate "1993.01.17"]
[EventType "team-tourn"]
[EventRounds "7"]
[EventCountry "GER"]
[SourceTitle "CBM 034"]
[Source "ChessBase"]
[SourceDate "1993.06.01"]
[SourceVersion "1"]
[SourceVersionDate "1993.06.01"]
[SourceQuality "1"]

1. d4 Nf6 2. Nf3 e6 3. g3 b5 4. Qd3 $5 (4. Bg2 Bb7 5. O-O c5 (5... Be7 6. Qd3
a6 7. Bg5 d6 8. Nbd2 Nbd7 9. a4 b4 10. a5 O-O 11. e4 h6 12. Bxf6 {12.Bf4!?}
Nxf6 13. Rfe1 Rb8 14. Qe2 Re8 $10 {Gostisa,L-Schlosser,P, Mitropa Cup 1993,
CBM 34 game 519}) 6. Na3 Qb6 7. c4 b4 8. Nc2 Na6 9. b3 Be7 10. a3 cxd4 $10 {
Hauchard,A-Nevednichy,V, Bucharest 1993, CBM 34 game 172.}) 4... a6 5. e4 Bb7
6. e5 {New} (6. Nbd2 c5 7. Bg2 Nc6 $1 8. c3 cxd4 9. Nxd4 (9. cxd4 Nb4 10. Qb1
Rc8) 9... Qc7 $10 {Beljavskij,A-Stean,M, Baden 1980}) 6... Nd5 7. Bg2 Be7 8.
O-O d6 9. a3 Nd7 10. b3 dxe5 11. dxe5 (11. Nxe5 Nxe5 12. dxe5 Rb8 13. Rd1 $14 {
(Hübner,R)}) 11... N5b6 12. Rd1 Qb8 13. Qe2 O-O 14. Nc3 {14.Nbbd2} c5 15. Bb2
Rd8 16. h4 c4 17. Ne4 Bd5 18. Qe3 Qb7 19. Nd6 Bxd6 {19. - Qc7 20.Ng5 +/-} 20.
exd6 f6 21. h5 {21.Ng5?!} h6 22. Nh4 Nf8 23. Bd4 Rxd6 24. Bxb6 Rxb6 (24... Qxb6
$4 25. Qxb6 Rxb6 26. Rxd5 $18) 25. Bxd5 exd5 26. Nf5 Re6 27. Qf3 Rd8 28. bxc4
bxc4 29. Ne3 Qf7 $2 (29... Red6 30. Nxc4 R6d7 $10) 30. Nxd5 (30. Rxd5 $4 Rxe3
$1 $19) 30... Red6 31. Ne3 Nh7 $2 32. Rxd6 Rxd6 33. Rb1 (33. Qa8+ $5 Nf8 34. g4
{(Hübner,R)}) 33... Rd8 34. Qf4 Ng5 $2 {34. - c3} 35. Qxc4 Qxc4 36. Nxc4 Rc8 $2
{36. - Ne4} 37. Ne3 $18 Nf3+ 38. Kg2 Nd2 39. Rb7 Rc5 40. g4 Nc4 41. Nf5 Nxa3
42. Rxg7+ Kf8 43. Rg6 Rc6 44. Rxh6 Nxc2 45. g5 Ne1+ 46. Kf1 1-0

[Event "Reykjavik Summit"]
[Site "Reykjavik"]
[Date "1990.??.??"]
[Round "?"]
[White "Hodgson, Julian M"]
[Black "Sokolov, Andrei"]
[Result "1/2-1/2"]
[WhiteElo "2540"]
[BlackElo "2585"]
[Annotator "Schussler,H"]
[PlyCount "42"]
[EventDate "1990.03.??"]
[EventType "team"]
[EventRounds "6"]
[EventCountry "ISL"]
[SourceTitle "CBM 018"]
[Source "ChessBase"]
[SourceDate "1990.10.01"]
[SourceVersion "1"]
[SourceVersionDate "1990.10.01"]
[SourceQuality "1"]

1. d4 Nf6 2. Bg5 e6 3. e4 h6 4. Bxf6 Qxf6 5. Nf3 Nc6 $5 {Perhaps a new move.
In this way Black stops White from playing Bd3 without wasting time on c3.} 6.
e5 Qe7 7. Nc3 d6 8. Bb5 Bd7 9. O-O a6 10. Bxc6 Bxc6 11. d5 exd5 12. Nxd5 Bxd5
13. Qxd5 O-O-O 14. Rad1 dxe5 15. Qxe5 Qxe5 16. Rxd8+ (16. Nxe5 Bc5 17. Nxf7
Rxd1 18. Rxd1 Rf8) 16... Kxd8 17. Nxe5 Ke8 18. Re1 Be7 19. Nc4 Kd7 20. Ne5+ Ke8
21. Nc4 Kd7 1/2-1/2

[Event "Bad Lauterberg Bohemia"]
[Site "Bad Lauterberg"]
[Date "1991.11.07"]
[Round "3"]
[White "Romanishin, Oleg M"]
[Black "King, Daniel J"]
[Result "1/2-1/2"]
[WhiteElo "2600"]
[BlackElo "2505"]
[Annotator "Schussler,H"]
[PlyCount "41"]
[EventDate "1991.11.05"]
[EventType "tourn"]
[EventRounds "11"]
[EventCountry "GER"]
[EventCategory "10"]
[SourceTitle "CBM 027"]
[Source "ChessBase"]
[SourceDate "1992.04.01"]
[SourceVersion "1"]
[SourceVersionDate "1992.04.01"]
[SourceQuality "1"]

1. d4 Nf6 2. Nf3 e6 3. g3 b5 4. Bg5 Bb7 5. Bg2 c5 6. Bxf6 Qxf6 7. c3 cxd4 8.
cxd4 Bb4+ 9. Nc3 O-O 10. O-O a6 11. Rc1 d5 {This "anti-positional" move gives
Black an easy game. Compare Soffer,R-Dautov,R/ Bad Lauterberg 1991.} 12. Ne5
Qe7 13. a4 bxa4 14. Nxa4 a5 15. Nc5 Na6 16. Nxb7 Qxb7 17. Qd3 Bd6 18. Nc6 Qxb2
19. Rb1 Qa3 20. Qxa3 Bxa3 21. Nxa5 1/2-1/2

[Event "Interzonal-15"]
[Site "Manila"]
[Date "1990.??.??"]
[Round "13"]
[White "Ye, Rongguang"]
[Black "Chandler, Murray G"]
[Result "1-0"]
[WhiteElo "2525"]
[BlackElo "2560"]
[Annotator "Schussler,H"]
[PlyCount "115"]
[EventDate "1990.06.29"]
[EventType "swiss"]
[EventRounds "13"]
[EventCountry "PHI"]
[SourceTitle "CBM 019"]
[Source "ChessBase"]
[SourceDate "1990.12.01"]
[SourceVersion "1"]
[SourceVersionDate "1990.12.01"]
[SourceQuality "1"]

1. d4 Nf6 2. Nf3 e6 3. Bg5 c5 4. e3 Qb6 5. Nbd2 Qxb2 6. Bxf6 gxf6 7. Rb1 Qxa2
$5 (7... Qc3 8. Bd3 cxd4 9. O-O dxe3 (9... Qc7 $5 10. exd4 $13) 10. Ne4 exf2+
11. Rxf2 Qc7 12. Nxf6+ $13) (7... Qa3) 8. Nc4 Qa4 (8... Qa6 9. d5 $1 exd5 10.
Qxd5 Qc6 11. Qh5 $16) 9. d5 b5 $1 10. Ncd2 (10. Rxb5 Ba6 $1 11. Nb2 Qe4 12. Rb3
Qxd5 $17) 10... a6 11. Ra1 Qb4 12. c4 Bb7 13. e4 Bg7 14. Rb1 Qa5 15. Bd3 Qc7
16. O-O b4 17. Nh4 a5 18. Bc2 (18. f4 a4 19. Qg4 Bh6 $19) 18... Bh6 19. Ba4 Qf4
20. dxe6 $5 fxe6 $5 (20... Qxd2 21. Qh5 O-O 22. e7 Re8 23. Nf5 Bg7 24. Rfe1 Qg5
25. Qh3 $16 {/\ Rb3-g3}) (20... Qxh4 $5 21. exd7+ Kd8 22. Nb3 Qxe4 23. f3 $1
Be3+ 24. Kh1 Qe7 25. Re1 $13) 21. Qh5+ Kd8 22. Ndf3 Bf8 $6 (22... Rg8 23. Rbd1
Rg7 $1 $8 24. Qxc5 Bxe4 $13) 23. Rbd1 $1 Bxe4 24. Qf7 Ra7 25. g3 Qh6 26. Qxe6
Bxf3 27. Nxf3 Rc7 28. Rfe1 Bg7 29. Qb6 $16 Kc8 30. Re7 Rd8 31. Nh4 f5 32. Qxa5
(32. Qxh6 Bxh6 33. Nxf5 Nc6 $1 $19 34. Bxc6) 32... Bf8 33. Nxf5 $1 Qa6 34. Nd6+
Qxd6 35. Rxd6 Bxe7 36. Rb6 Rb7 37. Rh6 b3 38. Rb6 b2 39. Rxb7 Kxb7 40. Qb5+ Kc7
41. Qxb2 Nc6 42. Qg7 Bf8 43. Qxh7 Ne5 44. Bb5 Bd6 45. f4 Nf3+ 46. Kg2 Nd4 47.
Ba4 Ne6 48. h4 Nf8 49. Qe4 Ne6 50. f5 Nd4 51. h5 Rb8 52. Bb5 Nxb5 53. cxb5 Rxb5
54. h6 Rb2+ 55. Kh3 Rb4 56. Qe8 Rb8 57. Qxb8+ $1 Kxb8 58. f6 1-0

[Event "Graz zt"]
[Site "Graz"]
[Date "1993.??.??"]
[Round "6"]
[White "Wirthensohn, Heinz"]
[Black "Lau, Ralf"]
[Result "1/2-1/2"]
[WhiteElo "2400"]
[BlackElo "2530"]
[Annotator "Schussler,H"]
[PlyCount "47"]
[EventDate "1993.03.??"]
[EventType "tourn"]
[EventRounds "13"]
[EventCountry "AUT"]
[EventCategory "8"]
[SourceTitle "CBM 035"]
[Source "ChessBase"]
[SourceDate "1993.08.01"]
[SourceVersion "1"]
[SourceVersionDate "1993.08.01"]
[SourceQuality "1"]

1. d4 Nf6 2. Nf3 e6 3. g3 c5 (3... b5 4. Qd3 $5 a6 5. e4 d6 (5... Bb7 6. e5 Nd5
7. Bg2 Be7 8. O-O d6 9. a3 Nd7 10. b3 dxe5 11. dxe5 {Huebner,R-Grosar,A,
Mitropa Cup 1993} (11. Nxe5 Nxe5 12. dxe5 Rb8 13. Rd1 $14 {(Huebner,R)})) 6.
Bg2 Bb7 7. Bg5 Be7 8. Nbd2 Nbd7 9. O-O h6 10. Bxf6 Nxf6 11. Ne1 {11.a4+/=} O-O
12. Qe2 Nd7 $1 13. Nd3 c5 14. dxc5 $6 dxc5 15. e5 $2 Bxg2 16. Kxg2 c4 17. Nf4
Nxe5 $19 {Hoelzl,F-Schlosser,P, Graz zt 1993}) 4. Bg2 Qa5+ (4... b5 5. O-O Bb7
(5... d5 6. c3 Nc6 7. Bg5 Qb6 8. Nbd2 cxd4 9. cxd4 Bb7 {9. - Sxd4} 10. Bxf6
gxf6 11. Nb3 Na5 12. Nxa5 Qxa5 13. Nd2 $1 $14 {Wirthensohn,H-Schroll,G,Graz
1993}) 6. Na3 Qb6 7. c4 b4 8. Nb5 $5 (8. Nc2 Na6 9. b3 Be7 10. a3 cxd4 $10 {
Hauchard,A-Nevednichy,V,Bucharest 1993}) 8... a6 9. dxc5 Bxc5 10. Nbd4 O-O 11.
Nb3 Be7 12. Be3 Qc7 13. Rc1 {+/=/= Dorfman,J-Arnason,J,Reykjavik FRA-ISD (2)
1993}) 5. Nbd2 cxd4 6. O-O d5 (6... Nc6 7. Nb3 Qb6 8. Nfxd4 Nxd4 9. Qxd4 Qxd4
10. Nxd4 Bc5 11. Nb3 Bb6 {+/=/= Gostisa,L-Schroll,G,Graz zt 1993}) 7. Nxd4 Be7
8. c4 O-O 9. cxd5 exd5 10. N2b3 Qd8 11. Bg5 h6 {11. - Nc6} 12. Bxf6 Bxf6 13.
Rc1 Na6 $14 14. e3 {14.a3!?} Qe7 $1 15. a3 (15. Bxd5 Nb4 $10) 15... Rd8 16. Qe2
Bd7 17. Rfd1 Ba4 {+/=/=} 18. Rd2 g6 19. Qf3 Bg7 20. Bf1 Rd6 21. Bb5 Bxb3 $1 22.
Nxb3 Nc7 23. Bf1 Ne6 24. Bg2 {+/=/=} 1/2-1/2

[Event "Stockholm"]
[Site "Stockholm"]
[Date "1990.??.??"]
[Round "?"]
[White "Johansson, Jan"]
[Black "Hellers, Ferdinand"]
[Result "1/2-1/2"]
[WhiteElo "2460"]
[BlackElo "2520"]
[Annotator "Schussler,H"]
[PlyCount "91"]
[EventDate "1990.??.??"]
[EventType "tourn"]
[EventRounds "9"]
[EventCountry "SWE"]
[EventCategory "11"]
[SourceTitle "CBM 022"]
[Source "ChessBase"]
[SourceDate "1991.06.01"]
[SourceVersion "1"]
[SourceVersionDate "1991.06.01"]
[SourceQuality "1"]

1. d4 Nf6 2. Bg5 e6 3. e4 h6 4. Bxf6 Qxf6 5. Nf3 d6 6. Nc3 g6 7. Qd2 Bg7 8.
O-O-O Nd7 $2 {8. - 0-0, 8. - a6} 9. Nb5 $16 O-O (9... Qd8 10. Qc3 Nc5 11. e5
Na6) 10. Nxc7 Rb8 11. Nb5 e5 12. Kb1 a6 13. Nc3 exd4 14. Qxd4 Qxd4 15. Nxd4 Nb6
16. Be2 Bd7 17. h3 h5 18. g4 $6 hxg4 19. Bxg4 Rfe8 20. Bxd7 Nxd7 21. Nde2 Nc5
22. f3 Rbd8 23. h4 Re5 24. h5 Rxh5 25. Rxh5 gxh5 26. Rh1 f5 27. exf5 Re8 28.
Nf4 Re3 29. Ncd5 Rxf3 30. Ne6 Ne4 31. a4 Ng3 32. Rh3 Be5 33. Ne7+ Kh8 34. Ka2
Bf6 35. Nd5 Rxf5 36. Nxf6 Rxf6 37. Ng5 Nf5 38. Rxh5+ Kg8 39. Ne4 Rf7 40. c3 Kf8
41. Rh8+ Kg7 42. Rb8 Re7 43. Nd2 Kf6 44. Nc4 d5 45. Na5 Nd6 46. Nb3 1/2-1/2